Statistics for Memphis Grizzlies Leaders Per Year

Click here to take the quiz!

General Stats

  • This quiz has been taken 331 times
    (122 since last reset)
  • The average score is 12 of 30

Answer Stats

Player% Correct
Marc Gasol
97%
Pau Gasol
97%
Mike Conley
95%
Zach Randolph
91%
Ja Morant
87%
Jaren Jackson Jr.
82%
Tony Allen
78%
Jonas Valančiūnas
70%
Rudy Gay
64%
Jason Williams
63%
Shareef Abdur-Rahim
63%
Mike Miller
43%
Shane Battier
42%
Mike Bibby
38%
Bryant Reeves
38%
Eddie Jones
36%
O.J. Mayo
34%
Lorenzen Wright
21%
Stromile Swift
16%
Kyle Lowry
14%
De'Anthony Melton
13%
James Posey
13%
Greg Anthony
13%
Mario Chalmers
11%
Darko Milicic
9%
Blue Edwards
7%
Roy Rogers
3%
Chucky Atkins
3%
Eric Murdock
1%
Lee Mayberry
1%

Score Distribution

Percentile by Number Answered

Percent of People with Each Score

Your Score History

You have not taken this quiz since the last reset